000
00244nmm a2200085Ia 4500
008
220120s9999||||xx |||||||||||||||||und||
100
_a
Digit
245
0
_a
15 plus spying software, 25 plus desktop security tools, 25
260
_a
Nine dot Nine
_c
2014
999
_c
139934
_d
139934